Greece or Türkiye - Statistics

General Stats
  • This quiz has been taken 418 times
    402 since last reset
  • The average score is 12 of 15
Answer Stats
Question Answer % Correct
Is larger by area? Türkiye
99%
Has more population? Türkiye
98%
Is Muslim? Türkiye
97%
Borders the Black Sea? Türkiye
96%
Has more islands? Greece
95%
Has a stronger army? Türkiye
94%
Is in the EU? Greece
92%
Has a more powerful passport? Greece
87%
Has hosted the Olympics? Greece
83%
Fought in WW2? Greece
78%
Has participated in an ongoing war? Türkiye
77%
Has more GDP? Türkiye
71%
Has more tourists? Türkiye
68%
Has more GDP per capita? Greece
50%
Had a bigger empire? Greece(Macedonian Empire)
16%
No matching quizzes found
Score Distribution
Percent of People with Each Score
Percentile by Number Answered
Your Score History
You have not taken this quiz since the last reset